000 00465nam a2200157 4500
999 _c5433
_d5433
008 161103b xxu||||| |||| 00| 0 eng d
022 _a9770118389007
082 _aDPer 641.05 F73 Mar-Jul 2013
100 _916736
_aSandique, Jill F.
245 _a Morning must-haves/
_cJill F. Sandique.
260 _aQuezon City:
_bABS CBN Publishing, Inc.,
_c©2013.
300 _apage 22;
_c30 cm.
500 _aFood.
650 0 _916737
_aBreakfasts
942 _2ddc
_cPER